000 00507nam a2200145 a 4500
001 21345
005 20180713215053.0
008 140415s1975 000 0 spa d
041 _aspa
082 _a657.869
_bVIL
100 1 _aVILLEGAS MORA, XAVIER
245 1 0 _aMETODO PRACTICO PARA LA CONTABILIDAD DE COSTOS DE :
_bCONSTRUCCION: CAMINOS, OBRAS PORTUARIAS, EDIFICIOS, ETC.
260 _a[s.l.] :
_bCOMPAÑIA EDITORIAL CONTINENTAL,
_c1975
650 1 4 _aCONTABILIDAD DE COSTOS
_xCONSTRUCCION
999 _c21345
_d21345